| 000 | 00494nam a2200169Ia 4500 | ||
|---|---|---|---|
| 005 | 20250508151358.0 | ||
| 008 | 008 250505s9999 xx 000 0 eng d | ||
| 037 | _aTextual | ||
| 040 |
_aFEDL _beng _cFEDL |
||
| 041 |
_aeng _2eng |
||
| 084 |
_a759.4, DUF _qFEDL |
||
| 100 | _aWerner Alfred | ||
| 245 | 0 | _aRaoul dufy, 1877-1953 | |
| 260 |
_aNew York, USA _bHarry N Abrams, Inc. in Association with Pocket Books _c1953 |
||
| 942 |
_cTEXL _h759.4, DUF |
||
| 999 |
_c1329382 _d1329382 |
||